书目信息 |
| 题名: |
草地资源及环境质量监测评价研究
|
|
| 作者: | 刘桂香 , 李景平 , 玉山 著 | |
| 分册: | ||
| 出版信息: | 北京 科学出版社 2016.12 |
|
| 页数: | 272页 | |
| 开本: | 24cm | |
| 丛书名: | ||
| 单 册: | ||
| 中图分类: | S812.6 | |
| 科图分类: | ||
| 主题词: | 草地资源--环境质量评价 | |
| 电子资源: | ||
| ISBN: | 978-7-03-050863-8 | |
| 000 | 01071nam0 2200241 450 | |
| 001 | 3884 | |
| 005 | 20181008170727.36 | |
| 010 | @a978-7-03-050863-8@b精装@dCNY198.00 | |
| 100 | @a20170328d2016 em y0chiy50 ea | |
| 101 | 0 | @achi |
| 102 | @aCN@b110000 | |
| 105 | @aab z 000yy | |
| 200 | 1 | @a草地资源及环境质量监测评价研究@9cao di zi yuan ji huan jing zhi liang jian ce ping jia yan jiu@f刘桂香,李景平,玉山著 |
| 210 | @a北京@c科学出版社@d2016.12 | |
| 215 | @a272页@c图,地图@d24cm | |
| 330 | @a本书以内蒙古草原为研究对象,基于遥感技术、地理信息系统及全球定位系统,结合典型样地定位监测、草地历史资料、社会经济数据及气象数据等多种数据源,对内蒙古草原典型区域的景观多样性、植物多样性、牧草产量质量动态等多个层面进行综合研究,对内蒙古草原历史变迁进行准确定量评价,全面揭示了内蒙古草原典型区域近40年的时空变化。 | |
| 606 | 0 | @a草地资源@x环境质量评价 |
| 690 | @aS812.6@v5 | |
| 701 | 0 | @a刘桂香@9liu gui xiang@c(女,@f1962.8-)@4著 |
| 701 | 0 | @a李景平@9li jing ping@4著 |
| 701 | 0 | @a玉山@9yu shan@4著 |
| 801 | 0 | @aCN@b91MARC@c20170328 |
| 905 | @aMuseLib@dS812.6@e159 | |
| 草地资源及环境质量监测评价研究/刘桂香,李景平,玉山著.-北京:科学出版社,2016.12 |
| 272页:图,地图;24cm |
| ISBN 978-7-03-050863-8(精装):CNY198.00 |
| 本书以内蒙古草原为研究对象,基于遥感技术、地理信息系统及全球定位系统,结合典型样地定位监测、草地历史资料、社会经济数据及气象数据等多种数据源,对内蒙古草原典型区域的景观多样性、植物多样性、牧草产量质量动态等多个层面进行综合研究,对内蒙古草原历史变迁进行准确定量评价,全面揭示了内蒙古草原典型区域近40年的时空变化。 |
| ● |
| 相关链接 |
|
|
|
|
正题名:草地资源及环境质量监测评价研究
索取号:S812.6/159
 
预约/预借
| 序号 | 登录号 | 条形码 | 馆藏地/架位号 | 状态 | 备注 |
| 1 | 1124017 | 211240174 | 第二样本阅览室/ [索取号:S812.6/159] | 在馆 | |
| 2 | 1124018 | 211240183 | 密集书库-生命科学系/ [索取号:S812.6/159] | 在馆 |